Music Quiz

Random Music or Musical Quiz

Glee Broadway Song Covers Quiz Stats

 Plays Quiz not verified by Sporcle

Score 0/78 Timer 10:00
0 Plays Today
Musical Song % Correct
Les MiserablesOn My Own
78%
WickedDefying Gravity
75.8%
Les MiserablesI Dreamed a Dream
67.3%
Funny GirlDon't Rain on My Parade
63.2%
West Side StoryTonight
61%
GreaseYou're the One That I Want
58.3%
Funny GirlFunny Girl
54.3%
HairHair
52.2%
CabaretMaybe This Time
51.7%
A Chorus LineSing!
51.4%
Rocky Horror ShowThe Time Warp
50.8%
CabaretCabaret
48.9%
WickedFor Good
48.6%
GypsyRose's Turn
47.1%
Rocky Horror ShowDammit Janet
44.6%
ChicagoMr. Cellophane
43.8%
West Side StoryAmerica
43.8%
EvitaDon't Cry for Me Argentina
43.4%
My Fair LadyI Could Have Danced All Night
42.3%
GreaseSummer Nights
42.2%
DreamgirlsAnd I Am Telling You I'm Not Going
41.6%
RentTake Me or Leave Me
39.8%
Rocky Horror ShowSweet Transvestite
39.6%
Singin' in the RainSingin' in the Rain
39.5%
Victor/VictoriaLe Jazz Hot!
37.7%
Guys and DollsSit Down, You're Rockin' the Boat
36.8%
A Chorus LineWhat I Did For Love
36.8%
Rocky Horror ShowTouch-a, Touch-a, Touch-a, Touch Me
35.5%
DreamgirlsListen
34.9%
ChicagoNowadays / Hot Honey Rag
34.5%
The WizHome
34%
West Side StoryI Feel Pretty
33.5%
Anything GoesAnything Goes
33.2%
HairsprayYou Can't Stop the Beat
32.7%
The Sound of MusicMy Favorite Things
32.7%
Rocky Horror ShowThere's a Light (Over at the Frankenstein Place)
32.6%
Rocky Horror ShowScience Fiction / Double Feature
32.5%
Rocky Horror ShowHot Patootie (Whatever Happened to Saturday Night?)
30.4%
West Side StorySomewhere
30.3%
Musical Song % Correct
Mamma Mia!Dancing Queen
28.1%
OliverWhere Is Love?
27.6%
Funny GirlMy Man
27.6%
West Side StoryA Boy Like That
27.6%
West Side StoryCool
27%
West Side StoryOne Hand, One Heart
26.9%
The King and IGetting to Know You
26.6%
West Side StorySomething's Coming
26.1%
Annie Get Your GunAnything You Can Do
25.3%
EvitaBuenos Aires
24.2%
Funny GirlI'm the Greatest Star
23.3%
Sweet CharityBig Spender
22.4%
GypsySome People
22.3%
Singin' in the RainMake 'Em Laugh
21.6%
DreamgirlsIt's All Over
21%
Wonderful TownOhio
17.7%
Sunset BoulevardAs If We Never Said Goodbye
17.1%
West Side StoryI Have a Love
16.4%
Babes in ArmsMy Funny Valentine
13.2%
Rock of AgesDon't Stop Believing
11.3%
On the TownNew York, New York
11.2%
MameWe Need a Little Christmas
9.8%
Come Fly AwayNew York, New York
9.4%
XanaduMagic
8.6%
Anything GoesYou're the Top
8.5%
Promises, PromisesA House Is Not a Home
7.6%
Priscilla, Queen of the DesertI Will Survive
7.1%
Everyday RaptureGet Happy
6.9%
Promises, PromisesI Say a Little Prayer
6.6%
Rock of AgesCan't Fight This Feeling
6.4%
Golden RainbowI've Gotta Be Me
6.1%
Rock of AgesEvery Rose Has Its Thorn
5.7%
Priscilla, Queen of the DesertTrue Colors
5.7%
Priscilla, Queen of the DesertGirls Just Want to Have Fun
5.3%
Rock of AgesWaiting for a Girl Like You
4.9%
Priscilla, Queen of the DesertLike a Prayer
4.3%
Leader of the PackRiver Deep, Mountain High
4.2%
Priscilla, Queen of the DesertLike a Virgin
3.8%
Baby, It's You!Don't Make Me Over
3.7%

You're not logged in!

Compare scores with friends on all Sporcle quizzes.
OR
Log In

Show Comments

Extras

Top Quizzes Today


Score Distribution

Your Account Isn't Verified!

In order to create a playlist on Sporcle, you need to verify the email address you used during registration. Go to your Sporcle Settings to finish the process.

Report this User

Report this user for behavior that violates our Community Guidelines.

Details: